000 00636nam a2200229Ia 4500
003 OSt
005 20220928115654.0
006 a|||||r|||| 00| 0
007 ta
008 220927b |||||||| |||| 00| 0 eng d
024 _a43906
037 _cTextual
040 _aSDCL
_cSDCL
_beng
041 _2eng
_aeng
082 _aV25258'M5<M1, L7
100 _aPempel John
_9445458
245 0 _aRaj the Indian mutiny and the kingdom of Oudh ,1801-1859
260 _aNew Delhi
_bHarvesters Press
_c1977
300 _axi,301p
_ccm.
942 _hV25258'M5<M1, L7
_cTEXL
_2CC
999 _c760397
_d760397